Werther
Kaydedildi:
| Yazar: | |
|---|---|
| Materyal Türü: | Kitap |
| Dil: | İspanyolca |
| Baskı/Yayın Bilgisi: |
Madrid
Salvat
1969
|
| Seri Bilgileri: | Biblioteca Básica Salvat,10
|
| Konular: | |
| Etiketler: |
Etiketle
Etiket eklenmemiş, İlk siz ekleyin!
|
MARC
| LEADER | 00000nam a2200000 a 4500 | ||
|---|---|---|---|
| 001 | UCQ4531 | ||
| 003 | CL-VaPUC | ||
| 008 | 980904e19690000SP |||||||||||||||||spa|d | ||
| 082 | 0 | 4 | |a 833 |b GOE |2 21 |
| 100 | |a Goethe, Johann Wolfgang von, |d 1749-1832 |e autor |9 265453 | ||
| 245 | 1 | 0 | |a Werther |
| 300 | |a 173 p | ||
| 942 | |c BK | ||
| 945 | |d 19980904 00:00:00 |a lriquelm | ||
| 260 | |a Madrid |b Salvat |c 1969 | ||
| 650 | 0 | |a Novelas alemanas |9 265783 | |
| 650 | 0 | |a Literatura alemana |9 265457 | |
| 583 | |a last modification |c 19980904 00:00:00 |k Rodrigo Vera | ||
| 490 | 0 | |a Biblioteca Básica Salvat,10 | |
| 999 | |c 274903 |d 274901 | ||
| 952 | |0 0 |1 0 |4 0 |6 833_000000000000000_GOE_1969 |7 0 |8 A |9 311272 |a BIBEDU |b BIBEDU |d 2019-11-20 |i 1462784 |o 833 GOE 1969 |p 1462784 |r 2019-11-20 |w 2019-11-20 |y BK |k LIT | ||
| 952 | |0 0 |1 0 |4 0 |6 833_000000000000000_GOE_1969 |7 0 |8 A |9 311273 |a BIBEDU |b BIBEDU |d 2019-11-20 |i 1462814 |o 833 GOE 1969 |p 1462814 |r 2019-11-20 |w 2019-11-20 |y BK |k LIT | ||